000 00639nam a2200229 a 4500
001
003 DO-SdBNP
005 20220407084613.0
008 110414s2003 sp 000 0 spa d
040 _aDO-SdBNP
_bspa
_cBPMSU
082 _a616.8
_b P438d 2003
_222
100 1 _a Pérez Meleno, Andrés
245 1 3 _aLa demencia /
_c Andrés Pérez Meleno
260 _aMadrid,
_bEdimat Libros,
_c2003
300 _a202 p. ;
_c23 cm.
504 _aBibliografía : P.43-44
590 _6Inventariado, 2022/VM
650 4 _aDegeneración (Patología)
650 4 _aEnfermedad de Huntington.
910 _aVMateo V.
942 _2ddc
_cBK
999 _c14146
_d14146